| 000 | 00831cam a2200193 i 4500 | ||
|---|---|---|---|
| 005 | 20260125120419.0 | ||
| 008 | 250721s2001 ua gr 000 0 ara d | ||
| 082 | 1 | 4 |
_a346.01 _bم ن ص |
| 100 | 1 |
_aمنصور، حسن حسن _eمؤلف. |
|
| 245 | 1 | 2 |
_aالمحيط في شرح مسائل الأحوال الشخصية : _bالتعليق على القانون رقم 1 لسنة 2000 باجراءات التقاضي في مسائل الأحوال الشخصية / _cالمستشار حسن حسن منصور. |
| 264 | 3 | 1 |
_aالقاهرة : _b[غير معرف]، _c2001. |
| 300 | _aالمجلد الثالث. | ||
| 650 | 1 | 7 | _aقانون الأحوال الشخصية. |
| 650 | 1 | 7 | _aالزواج. |
| 650 | 1 | 7 | _aالطلاق. |
| 650 | 1 | 7 | _aقانون الأسرة. |
| 942 |
_2ddc _cBK |
||
| 999 |
_c80019 _d80019 |
||